000 00629nam a2200241Ia 4500
003 OSt
005 20220928104733.0
006 a|||||r|||| 00| 0
007 ta
008 220927b |||||||| |||| 00| 0 eng d
024 _a44197
037 _cTextual
040 _aSDCL
_cSDCL
_beng
041 _2eng
_aeng
082 _aO152,1Ioo:g, L21
100 _aChaturvedi Parshuram
245 0 _aKabir-sahitya ki parakh.
250 _a3
260 _aAllahabad
_bBharti Bhandari
_c1972
300 _a301p
_ccm.
942 _hO152,1Ioo:g, L21
_cTEXL
_2CC
999 _c727481
_d727481